[Event "Copenhagen Atina op"]
[Site "Copenhagen"]
[Date "2024.11.08"]
[Round "2"]
[White "Jaksland, Tim"]
[Black "Pedersen, Daniel Vesterbaek"]
[Result "0-1"]
[WhiteElo "2116"]
[BlackElo "2228"]
[PlyCount "52"]
[EventDate "2024.11.08"]
[EventType "swiss"]
[EventRounds "7"]
[EventCountry "DEN"]
[SourceTitle "CB45_2024"]
[Source "ChessBase"]
[SourceDate "2024.11.06"]
[SourceVersion "1"]
[SourceVersionDate "2024.11.06"]
[SourceQuality "1"]

1. e4 c5 2. c3 d5 3. exd5 Qxd5 4. d4 Nf6 5. Nf3 e6 6. Na3 Nc6 7. Nb5 Qd8 8. dxc5 Bxc5 9. Qxd8+ Kxd8 10. Bf4 Ne4 11. 0-0-0+ Bd7 12. b4 Be7 13. Be3 Rc8 14. Bd3 Nf6 15. Kb2 Nd5 16. Bxa7 Nxa7 17. Nxa7 Rxc3 18. Be4 Bf6 19. Nd4 Rc4 20. Bxd5 Rxd4 21. Kb3 Rxd5 22. Rxd5 exd5 23. a4 Bd4 24. Nb5 Bxb5 25. axb5 Bb6 26. Rd1 d4 0-1

[Event "DEN-ch Blitz"]
[Site "Snekkersten"]
[Date "2024.09.01"]
[Round "4"]
[White "Jepson, Christian"]
[Black "Pedersen, Daniel Vesterbaek"]
[Result "1-0"]
[WhiteElo "2400"]
[BlackElo "2192"]
[PlyCount "45"]
[EventDate "2024.09.01"]
[EventType "swiss (blitz)"]
[EventRounds "13"]
[EventCountry "DEN"]
[SourceTitle "CBM 221 Extra"]
[Source "ChessBase"]
[SourceDate "2024.09.30"]
[SourceVersion "1"]
[SourceVersionDate "2024.09.30"]
[SourceQuality "1"]

1. Nf3 c5 2. c4 Nf6 3. Nc3 Nc6 4. d4 cxd4 5. Nxd4 e6 6. g3 Qb6 7. Nb3 Bb4 8. Bg2 Ne5 9. c5 Bxc3+ 10. bxc3 Qc7 11. 0-0 0-0 12. Bf4 Nh5 13. Bc1 Nf6 14. e4 Ng6 15. f4 Rd8 16. e5 Ne8 17. Be3 Rb8 18. Qd3 f6 19. exf6 Nxf6 20. f5 Ne5 21. Qd4 d6 22. Bf4 exf5 23. cxd6 1-0

[Event "DEN-ch Blitz"]
[Site "Snekkersten"]
[Date "2024.09.01"]
[Round "11"]
[White "Pedersen, Daniel Vesterbaek"]
[Black "Bjerre, Jonas Buhl"]
[Result "0-1"]
[WhiteElo "2192"]
[BlackElo "2648"]
[PlyCount "106"]
[EventDate "2024.09.01"]
[EventType "swiss (blitz)"]
[EventRounds "13"]
[EventCountry "DEN"]
[SourceTitle "CBM 221 Extra"]
[Source "ChessBase"]
[SourceDate "2024.09.30"]
[SourceVersion "1"]
[SourceVersionDate "2024.09.30"]
[SourceQuality "1"]

1. e4 c5 2. Nf3 d6 3. d4 cxd4 4. Nxd4 Nf6 5. Nc3 a6 6. Be2 e5 7. Nb3 Be7 8. 0-0 0-0 9. a4 Nc6 10. Re1 Nb4 11. Bf3 Be6 12. Bg5 Rc8 13. Re2 Nd7 14. Be3 Nb6 15. Nd5 N4xd5 16. exd5 Bf5 17. Na5 Qc7 18. c3 Nd7 19. Nb3 e4 20. Nd4 exf3 21. Nxf5 fxe2 22. Nxe7+ Kh8 23. Qxe2 Rce8 24. Nf5 Nf6 25. Qf3 Ne4 26. Rd1 f6 27. Rd4 Ng5 28. Qh5 Qd7 29. Ng3 Re5 30. Rh4 h6 31. Qg6 Qf7 32. Qd3 Rxd5 33. Qc2 Re8 34. h3 Rde5 35. Kh2 Kg8 36. Bd4 Re1 37. f4 Ne4 38. Nf5 Qg6 39. Nxh6+ Kf8 40. Ng4 Kf7 41. Qb3+ Re6 42. Qxb7+ Re7 43. Qd5+ Re6 44. f5 Qxf5 45. Qxf5 Rh1+ 46. Kxh1 Ng3+ 47. Kh2 Nxf5 48. Rh8 Re2 49. Rb8 Nh4 50. Ne3 f5 51. Rb7+ Ke6 52. Rxg7 f4 53. Nc4 Nf3+ 0-1

[Event "DEN-ch Blitz"]
[Site "Snekkersten"]
[Date "2024.09.01"]
[Round "13"]
[White "Pedersen, Daniel Vesterbaek"]
[Black "Hector, Jonny"]
[Result "0-1"]
[WhiteElo "2192"]
[BlackElo "2437"]
[PlyCount "64"]
[EventDate "2024.09.01"]
[EventType "swiss (blitz)"]
[EventRounds "13"]
[EventCountry "DEN"]
[SourceTitle "CBM 221 Extra"]
[Source "ChessBase"]
[SourceDate "2024.09.30"]
[SourceVersion "1"]
[SourceVersionDate "2024.09.30"]
[SourceQuality "1"]

1. e4 e5 2. Nf3 Nc6 3. g3 Nf6 4. d3 d5 5. exd5 Nxd5 6. Bg2 Nde7 7. 0-0 g6 8. b3 Bg7 9. Bb2 0-0 10. Re1 f6 11. d4 Bg4 12. dxe5 Qxd1 13. Rxd1 fxe5 14. Nbd2 e4 15. Bxg7 Kxg7 16. Ng5 Bxd1 17. Ne6+ Kg8 18. Rxd1 Rfc8 19. Nxe4 h6 20. Rd7 Kf7 21. Nxc7 Ne5 22. Nd6+ Kf6 23. Nxc8 Rxc8 24. Nd5+ Nxd5 25. Rxd5 Rxc2 26. h4 Rxa2 27. Rd6+ Ke7 28. Rd5 Ng4 29. f3 Rxg2+ 30. Kh1 Nf6 31. Re5+ Kd6 32. Rb5 Rxg3 0-1

[Event "DEN-chT 2324 61st"]
[Site "Denmark"]
[Date "2024.04.07"]
[Round "9.6"]
[White "Pedersen, Daniel Vesterbaek"]
[Black "Hald Falkesgaard, Jeppe"]
[Result "1-0"]
[WhiteElo "2206"]
[BlackElo "2162"]
[PlyCount "99"]
[EventDate "2023.10.28"]
[EventType "team-tourn"]
[EventRounds "9"]
[EventCountry "DEN"]
[SourceTitle "EXT 2025"]
[Source "ChessBase"]
[SourceDate "2024.10.14"]
[SourceVersion "1"]
[SourceVersionDate "2024.10.14"]
[SourceQuality "1"]
[WhiteTeam "Fredericia"]
[BlackTeam "Bronshoj"]
[WhiteTeamCountry "DEN"]
[BlackTeamCountry "DEN"]

1. e4 c5 2. Nf3 Nc6 3. d4 cxd4 4. Nxd4 e5 5. Nb5 d6 6. N1c3 a6 7. Na3 Be7 8. Nc4 b5 9. Ne3 Nf6 10. Bd3 0-0 11. 0-0 Nb4 12. Be2 Be6 13. a3 Nc6 14. h3 Nd4 15. Bd3 Nd7 16. b4 Rc8 17. Ncd5 Bxd5 18. Nxd5 Bg5 19. Be3 Bxe3 20. fxe3 Ne6 21. a4 Nc7 22. axb5 axb5 23. Nxc7 Qxc7 24. Bxb5 Nf6 25. Bd3 Qb6 26. Qe1 Rb8 27. b5 d5 28. Ra6 Qc5 29. Rc6 Qa7 30. exd5 Nxd5 31. Rf3 Qe7 32. Bf1 Ra8 33. e4 Nf4 34. Bc4 Qg5 35. Qg3 Ra1+ 36. Kh2 Qd8 37. Rf1 Ra4 38. Qb3 Qd2 39. Bxf7+ Kh8 40. Qf3 Qb4 41. Bc4 Ra3 42. Qd1 Rc3 43. Bd5 Re3 44. b6 Rd8 45. Qg4 h5 46. Qg5 Rd6 47. Rc8+ Kh7 48. Bg8+ Kh8 49. Be6+ Kh7 50. Bf5+ 1-0

[Event "Copenhagen GoAudit op"]
[Site "Copenhagen"]
[Date "2023.11.10"]
[Round "3"]
[White "Pedersen, Daniel Vesterbaek"]
[Black "Guindy, Esmat Susanne"]
[Result "0-1"]
[WhiteElo "2188"]
[BlackElo "2021"]
[PlyCount "71"]
[EventDate "2023.11.10"]
[EventType "swiss"]
[EventRounds "7"]
[EventCountry "DEN"]
[SourceTitle "CBM 217 Extra"]
[Source "ChessBase"]
[SourceDate "2024.01.31"]
[SourceVersion "1"]
[SourceVersionDate "2024.01.31"]
[SourceQuality "1"]

1. e4 e6 2. d4 d5 3. Nc3 Nf6 4. e5 Nfd7 5. f4 c5 6. Nf3 Nc6 7. Be3 cxd4 8. Nxd4 Bc5 9. Qd2 a6 10. h4 Nxd4 11. Bxd4 Bxd4 12. Qxd4 Qb6 13. Qxb6 Nxb6 14. a4 d4 15. Ne2 Nd5 16. 0-0-0 Bd7 17. Rxd4 Rc8 18. Rh3 Ke7 19. b3 b5 20. axb5 axb5 21. Kb2 Rc7 22. Nc3 Nxc3 23. Rxc3 Ra7 24. Rc5 Rb8 25. Rb4 Rab7 26. c4 bxc4 27. Rxb7 Rxb7 28. Bxc4 Be8 29. Kc3 f6 30. b4 h6 31. b5 Bg6 32. Rc6 Bf5 33. b6 g5 34. Rc7+ Rxc7 35. bxc7 Kd7 36. exf6 0-1

[Event "Gothenburg Kvibergspelen"]
[Site "Gothenburg"]
[Date "2023.09.17"]
[Round "7"]
[White "Pedersen, Daniel Vesterbaek"]
[Black "Thorn, Eric"]
[Result "1/2-1/2"]
[WhiteElo "2163"]
[BlackElo "2390"]
[PlyCount "147"]
[EventDate "2023.09.15"]
[EventType "swiss"]
[EventRounds "8"]
[EventCountry "SWE"]
[SourceTitle "CBM 216 Extra"]
[Source "ChessBase"]
[SourceDate "2023.11.30"]
[SourceVersion "1"]
[SourceVersionDate "2023.11.30"]
[SourceQuality "1"]

1. e4 e5 2. Nf3 Nc6 3. Bb5 a6 4. Ba4 Bc5 5. c3 Nge7 6. 0-0 Ng6 7. d4 Ba7 8. d5 Nb8 9. Bg5 f6 10. Be3 Bxe3 11. fxe3 b5 12. Bb3 d6 13. a4 bxa4 14. Bxa4+ Bd7 15. Nbd2 0-0 16. b4 Qc8 17. Qe2 Qb7 18. Bxd7 Nxd7 19. Ra5 Ra7 20. Rfa1 Rfa8 21. Ne1 Ne7 22. Qg4 Nf8 23. Nd3 c6 24. c4 cxd5 25. cxd5 Rc8 26. b5 Rca8 27. bxa6 Rxa6 28. Rxa6 Rxa6 29. Rxa6 Qxa6 30. Qe2 Nd7 31. Kf2 Qa2 32. g4 Ng6 33. Nb4 Qb2 34. Nd3 Qc3 35. Nb1 Qc4 36. Nd2 Qc2 37. Nb4 Qb2 38. Nd3 Qa1 39. Qe1 Qc3 40. Ke2 Nc5 41. Nxc5 Qxc5 42. Qb1 h6 43. h3 Kh7 44. Qe1 Qb5+ 45. Kf3 Qd3 46. Qe2 Qc2 47. Kg3 Qc1 48. Nc4 Qg1+ 49. Qg2 Qe1+ 50. Qf2 Qb4 51. Qf1 Ne7 52. h4 Kg8 53. Kf3 g6 54. Qc1 Qc5 55. Qc2 f5 56. gxf5 gxf5 57. exf5 Nxd5 58. Qd3 Nb4 59. Qe4 Nc6 60. f6 Kf7 61. Qh7+ Kxf6 62. Qxh6+ Ke7 63. Qg7+ Ke8 64. Qg8+ Kd7 65. Qg4+ Kd8 66. Qe6 Kc7 67. h5 e4+ 68. Kxe4 Qxh5 69. Qxd6+ Kb7 70. Qd7+ Kb8 71. Qd6+ Kb7 72. Qd7+ Kb8 73. Qd6+ Kb7 74. Qd7+ 1/2-1/2

[Event "Copenhagen CC GM"]
[Site "Ballerup"]
[Date "2023.08.27"]
[Round "9"]
[White "Haubro, Martin"]
[Black "Pedersen, Daniel Vesterbaek"]
[Result "1/2-1/2"]
[WhiteElo "2386"]
[BlackElo "2142"]
[PlyCount "87"]
[EventDate "2023.08.23"]
[EventType "tourn"]
[EventRounds "9"]
[EventCountry "DEN"]
[EventCategory "6"]
[SourceTitle "CBM 215 Extra"]
[Source "ChessBase"]
[SourceDate "2023.09.30"]
[SourceVersion "1"]
[SourceVersionDate "2023.09.30"]
[SourceQuality "1"]

1. e4 e5 2. Nf3 Nc6 3. Bb5 a6 4. Ba4 Nf6 5. 0-0 Be7 6. Re1 b5 7. Bb3 0-0 8. a4 Bb7 9. d3 h6 10. c3 Re8 11. h3 Bf8 12. Na3 Na5 13. Ba2 b4 14. Nc4 Nxc4 15. Bxc4 d5 16. exd5 Bxd5 17. Bd2 e4 18. Bxd5 Qxd5 19. dxe4 Nxe4 20. Qc2 bxc3 21. Bxc3 Bc5 22. Rf1 Rad8 23. Rac1 Rd6 24. b4 Ba7 25. Ba1 c6 26. Kh1 Ree6 27. Qb2 Rg6 28. Ne5 Rg5 29. f4 Ng3+ 30. Kh2 Nxf1+ 31. Rxf1 Bd4 32. Qe2 Bxa1 33. Rxa1 Rf5 34. Rf1 Qd4 35. Nxc6 Rxc6 36. Qe8+ Kh7 37. Qxc6 Rxf4 38. Qxa6 Qxb4 39. Qd3+ g6 40. Ra1 Rf5 41. Qd7 Rf2 42. Qd5 Rf5 43. Qc6 Qa5 44. Qd6 1/2-1/2

[Event "Copenhagen CC GM"]
[Site "Ballerup"]
[Date "2023.08.27"]
[Round "8"]
[White "Pedersen, Daniel Vesterbaek"]
[Black "Mikkelsen, Nikolaj"]
[Result "0-1"]
[WhiteElo "2142"]
[BlackElo "2480"]
[PlyCount "70"]
[EventDate "2023.08.23"]
[EventType "tourn"]
[EventRounds "9"]
[EventCountry "DEN"]
[EventCategory "6"]
[SourceTitle "CBM 215 Extra"]
[Source "ChessBase"]
[SourceDate "2023.09.30"]
[SourceVersion "1"]
[SourceVersionDate "2023.09.30"]
[SourceQuality "1"]

1. e4 e5 2. Nf3 Nc6 3. Bb5 a6 4. Ba4 Nf6 5. 0-0 d6 6. c3 Bd7 7. d4 g6 8. d5 Ne7 9. Bxd7+ Qxd7 10. Qc2 Bg7 11. c4 0-0 12. a4 a5 13. Bd2 b6 14. b4 axb4 15. Bxb4 Nh5 16. Nc3 h6 17. Nb5 f5 18. Nd2 Nf6 19. f3 h5 20. a5 Bh6 21. Qd3 fxe4 22. Nxe4 Nxe4 23. fxe4 Rxf1+ 24. Kxf1 bxa5 25. Bxa5 c6 26. dxc6 Nxc6 27. Bc3 Qf7+ 28. Ke2 Rxa1 29. Bxa1 Kh7 30. Nxd6 Qa7 31. Bb2 Qa2 32. Qa3 Qb1 33. Bc3 Qc2+ 34. Kf1 Qd3+ 35. Ke1 Bd2+ 0-1

[Event "Copenhagen CC GM"]
[Site "Ballerup"]
[Date "2023.08.24"]
[Round "2"]
[White "Domingo Nunez, Ruben"]
[Black "Pedersen, Daniel Vesterbaek"]
[Result "1/2-1/2"]
[WhiteElo "2420"]
[BlackElo "2142"]
[PlyCount "91"]
[EventDate "2023.08.23"]
[EventType "tourn"]
[EventRounds "9"]
[EventCountry "DEN"]
[EventCategory "6"]
[SourceTitle "CBM 215 Extra"]
[Source "ChessBase"]
[SourceDate "2023.09.30"]
[SourceVersion "1"]
[SourceVersionDate "2023.09.30"]
[SourceQuality "1"]

1. e4 c5 2. Nf3 d6 3. Bb5+ Nd7 4. 0-0 a6 5. Bd3 Ngf6 6. c3 b5 7. Bc2 Bb7 8. Qe2 e6 9. a4 Be7 10. Re1 bxa4 11. Rxa4 0-0 12. d3 Qc7 13. Nbd2 Rfc8 14. Ra2 a5 15. e5 Nxe5 16. Nxe5 dxe5 17. Nc4 Nd7 18. Nxe5 Nxe5 19. Qxe5 Qc6 20. Qg3 Rd8 21. Bf4 Bf6 22. Rea1 e5 23. Be3 Qb5 24. Qg4 Be7 25. Qc4 Qc6 26. f3 Qg6 27. Qg4 Qb6 28. Bf2 Ra6 29. Qf5 Qc7 30. d4 g6 31. Qxe5 Bd6 32. Qe2 Bxh2+ 33. Kf1 Re6 34. Qd1 cxd4 35. Bxd4 Be5 36. Rxa5 Bxd4 37. cxd4 Qc4+ 38. Qd3 Qxd3+ 39. Bxd3 Rxd4 40. R1a3 Rb6 41. Rc3 Rxb2 42. Ra7 Rdb4 43. Rc7 Rd2 44. Be2 Rbb2 45. Rcxb7 Rxe2 46. Rxf7 1/2-1/2

[Event "Copenhagen CC GM"]
[Site "Ballerup"]
[Date "2023.08.24"]
[Round "3"]
[White "Pedersen, Daniel Vesterbaek"]
[Black "Solodovnichenko, Yuri"]
[Result "1/2-1/2"]
[WhiteElo "2142"]
[BlackElo "2510"]
[PlyCount "123"]
[EventDate "2023.08.23"]
[EventType "tourn"]
[EventRounds "9"]
[EventCountry "DEN"]
[EventCategory "6"]
[SourceTitle "CBM 215 Extra"]
[Source "ChessBase"]
[SourceDate "2023.09.30"]
[SourceVersion "1"]
[SourceVersionDate "2023.09.30"]
[SourceQuality "1"]

1. e4 c5 2. Nf3 d6 3. d4 Nf6 4. Nc3 cxd4 5. Nxd4 Nc6 6. Bg5 e6 7. Qd2 a6 8. 0-0-0 Bd7 9. f4 Be7 10. Nf3 b5 11. Bxf6 gxf6 12. Bd3 Qb6 13. Kb1 0-0-0 14. Rhe1 Rdg8 15. g3 Kb7 16. f5 h5 17. Ne2 Ne5 18. Nxe5 fxe5 19. h4 Bc6 20. Rf1 exf5 21. Rxf5 f6 22. Nc3 Rxg3 23. Be2 Qe3 24. Rxh5 Qxd2 25. Rxd2 Rg1+ 26. Rd1 Rxd1+ 27. Bxd1 Rxh5 28. Bxh5 f5 29. Bg6 fxe4 30. Nxe4 d5 31. Ng5 e4 32. Nf7 Bxh4 33. Ne5 b4 34. Nxc6 Kxc6 35. c4 bxc3 36. bxc3 Kc5 37. Kc2 Be1 38. Kb3 a5 39. a4 Bh4 40. Bh7 Bf6 41. Bg6 Bg5 42. Bh7 Kd6 43. c4 e3 44. Bd3 d4 45. Kc2 Kc5 46. Kb3 Kd6 47. Kc2 Ke5 48. Bf1 Bf6 49. Kd3 Kd6 50. Kc2 Be7 51. Be2 Kc6 52. Bf1 Bb4 53. Be2 Kd6 54. Bf1 Ba3 55. Be2 Ke5 56. Kd3 Bb2 57. Bf1 Bc3 58. Be2 Kd6 59. Kc2 Be1 60. Bf1 Bg3 61. Be2 Kc5 62. Kb3 1/2-1/2

[Event "Copenhagen CC GM"]
[Site "Ballerup"]
[Date "2023.08.23"]
[Round "1"]
[White "Pedersen, Daniel Vesterbaek"]
[Black "Seo, Jung Min"]
[Result "0-1"]
[WhiteElo "2142"]
[BlackElo "2466"]
[PlyCount "86"]
[EventDate "2023.08.23"]
[EventType "tourn"]
[EventRounds "9"]
[EventCountry "DEN"]
[EventCategory "6"]
[SourceTitle "CBM 215 Extra"]
[Source "ChessBase"]
[SourceDate "2023.09.30"]
[SourceVersion "1"]
[SourceVersionDate "2023.09.30"]
[SourceQuality "1"]

1. e4 c5 2. Nf3 d6 3. d4 cxd4 4. Nxd4 Nf6 5. Nc3 a6 6. Bg5 Nbd7 7. Qe2 h6 8. Bh4 g6 9. 0-0-0 e5 10. Nb3 Be7 11. h3 b5 12. a3 Bb7 13. g4 Rc8 14. Bg2 Rxc3 15. bxc3 Qc7 16. Qd3 0-0 17. Bxf6 Nxf6 18. h4 Nxg4 19. Rdf1 Nf6 20. f4 d5 21. exd5 e4 22. Bxe4 Bxa3+ 23. Kb1 Nxe4 24. Qxe4 Qxc3 25. Qd4 Qxd4 26. Nxd4 Bxd5 27. Rh2 Rd8 28. Nb3 Bc4 29. Rg1 Be6 30. h5 Kg7 31. Rd2 Rxd2 32. Nxd2 Bd6 33. hxg6 fxg6 34. Rf1 Bf5 35. Nb3 h5 36. Nd4 Kf6 37. Kc1 Bc5 38. Nxf5 Kxf5 39. Kd2 h4 40. Ke2 Kg4 41. Ra1 h3 42. Kf1 Kf3 43. Rd1 h2 0-1

[Event "DEN-ch Blitz op"]
[Site "Avedore"]
[Date "2023.05.14"]
[Round "13"]
[White "Pedersen, Daniel Vesterbaek"]
[Black "Kistrup, Nicolai"]
[Result "0-1"]
[WhiteElo "2173"]
[BlackElo "2319"]
[PlyCount "72"]
[EventDate "2023.05.14"]
[EventType "swiss (blitz)"]
[EventRounds "13"]
[EventCountry "DEN"]
[SourceTitle "CBM 214 Extra"]
[Source "ChessBase"]
[SourceDate "2023.07.31"]
[SourceVersion "1"]
[SourceVersionDate "2023.07.31"]
[SourceQuality "1"]

1. e4 c5 2. c3 Nf6 3. e5 Nd5 4. d4 cxd4 5. Nf3 d6 6. Bc4 Nb6 7. Bb3 Nc6 8. exd6 Qxd6 9. 0-0 Be6 10. Na3 a6 11. Bxe6 Qxe6 12. Nxd4 Nxd4 13. Qxd4 Rd8 14. Qh4 Qc6 15. Bg5 f6 16. Be3 e5 17. f4 Bxa3 18. bxa3 Nc4 19. Bf2 0-0 20. fxe5 Nxe5 21. Bd4 Nc4 22. Rae1 Rd7 23. Qg4 Rdf7 24. Re6 Qd7 25. Rfe1 Ne5 26. Qh3 Ng6 27. Bc5 Nf4 28. Qg3 Nxe6 29. Bxf8 Nxf8 30. Qf3 Qc6 31. Qf4 Qc5+ 32. Kh1 Re7 33. Rd1 Qxc3 34. h3 Re1+ 35. Rxe1 Qxe1+ 36. Kh2 Qe5 0-1

[Event "DEN-ch Blitz op"]
[Site "Avedore"]
[Date "2023.05.14"]
[Round "7"]
[White "Pedersen, Daniel Vesterbaek"]
[Black "Nordenbaek, Jan"]
[Result "0-1"]
[WhiteElo "2173"]
[BlackElo "2141"]
[PlyCount "126"]
[EventDate "2023.05.14"]
[EventType "swiss (blitz)"]
[EventRounds "13"]
[EventCountry "DEN"]
[SourceTitle "CBM 214 Extra"]
[Source "ChessBase"]
[SourceDate "2023.07.31"]
[SourceVersion "1"]
[SourceVersionDate "2023.07.31"]
[SourceQuality "1"]

1. e4 e5 2. Nf3 Nc6 3. Nc3 Nf6 4. g3 Bb4 5. d3 0-0 6. Bg2 d6 7. 0-0 h6 8. h3 Be6 9. a3 Ba5 10. b4 Bb6 11. Be3 Re8 12. d4 exd4 13. Nxd4 Nxd4 14. Bxd4 Nd7 15. Kh2 Bc4 16. Re1 Ne5 17. f4 Ng6 18. Bxb6 axb6 19. a4 Qf6 20. Nd5 Bxd5 21. Qxd5 c6 22. Qd3 h5 23. h4 Nxh4 24. gxh4 Qxh4+ 25. Qh3 Qxf4+ 26. Qg3 Qf6 27. Ra3 Re5 28. Rf1 Qg5 29. Qxg5 Rxg5 30. Rd1 Rd8 31. Rad3 Rg6 32. b5 Kf8 33. e5 d5 34. bxc6 bxc6 35. Rb3 Rb8 36. a5 b5 37. a6 Ra8 38. Ra1 Ke7 39. a7 Kd7 40. Rc3 Re6 41. Rf3 Re7 42. Re3 Kc7 43. Bh3 Kb6 44. Re2 Raxa7 45. Rxa7 Kxa7 46. Kg3 Kb6 47. Kf4 c5 48. Bg2 d4 49. Bd5 f6 50. e6 c4 51. Kf5 Kc5 52. Bb7 b4 53. Ba6 Kd5 54. Bb7+ Kc5 55. Ba6 Kd5 56. Bc8 c3 57. Bb7+ Rxb7 58. e7 Rxe7 59. Rxe7 d3 60. cxd3 b3 61. Rb7 b2 62. Rb3 Kd4 63. Rb8 c2 0-1

[Event "DEN-ch Rapid op"]
[Site "Avedore"]
[Date "2023.05.13"]
[Round "2"]
[White "Pedersen, Daniel Vesterbaek"]
[Black "Skou, Niels"]
[Result "0-1"]
[WhiteElo "2173"]
[BlackElo "2116"]
[PlyCount "80"]
[EventDate "2023.05.13"]
[EventType "swiss (rapid)"]
[EventRounds "7"]
[EventCountry "DEN"]
[SourceTitle "CBM 214 Extra"]
[Source "ChessBase"]
[SourceDate "2023.07.31"]
[SourceVersion "1"]
[SourceVersionDate "2023.07.31"]
[SourceQuality "1"]

1. e4 e5 2. Nf3 Nc6 3. Nc3 Nf6 4. g3 Bc5 5. Bg2 d6 6. 0-0 0-0 7. d3 Re8 8. Na4 Bb6 9. Nxb6 axb6 10. h3 Be6 11. a3 d5 12. Ng5 dxe4 13. Nxe6 Rxe6 14. dxe4 Qxd1 15. Rxd1 Nd4 16. c3 Nb3 17. Rb1 Nxc1 18. Rbxc1 Kf8 19. Rd2 Ree8 20. Rcd1 Ke7 21. f4 Red8 22. Kf2 Rxd2+ 23. Rxd2 Nd7 24. Ke3 f6 25. h4 Ra4 26. Bf3 g6 27. Bd1 Ra5 28. h5 exf4+ 29. gxf4 g5 30. Bg4 gxf4+ 31. Kxf4 Ne5 32. Bf5 h6 33. Rg2 Kf7 34. Rd2 Ke7 35. Rg2 Kf7 36. Bc8 Ra7 37. Kf5 Ra5 38. Be6+ Ke7 39. Rg7+ Nf7+ 40. Kg6 Rg5+ 0-1

[Event "Koge Lang Sommer 3rd"]
[Site "Koge"]
[Date "2022.07.06"]
[Round "2"]
[White "Birkisson, Bjorn Holm"]
[Black "Pedersen, Daniel Vesterbaek"]
[Result "1/2-1/2"]
[WhiteElo "2095"]
[BlackElo "2186"]
[PlyCount "70"]
[EventDate "2022.07.06"]
[EventType "tourn"]
[EventRounds "9"]
[EventCountry "DEN"]
[SourceTitle "CBM 209 Extra"]
[Source "ChessBase"]
[SourceDate "2022.09.30"]
[SourceVersion "1"]
[SourceVersionDate "2022.09.30"]
[SourceQuality "1"]

1. e4 c5 2. Nc3 Nc6 3. Bb5 Nd4 4. Nf3 a6 5. Bd3 g6 6. 0-0 Bg7 7. Nxd4 cxd4 8. Ne2 d5 9. exd5 Qxd5 10. c3 dxc3 11. dxc3 Nf6 12. Nf4 Qd8 13. Qe2 0-0 14. Rd1 Qc7 15. Bc4 Bf5 16. Nd5 Nxd5 17. Bxd5 Rad8 18. Be3 Bc8 19. a4 e6 20. Qc4 Be5 21. Qxc7 Bxc7 22. Bf3 Rxd1+ 23. Rxd1 Rd8 24. Rxd8+ Bxd8 25. Kf1 f5 26. b4 Bf6 27. c4 Kf7 28. Ke2 Ke7 29. Bc5+ Kd7 30. a5 Kc7 31. Bb6+ Kb8 32. Bc5 Kc7 33. Bb6+ Kb8 34. Bc5 Kc7 35. Bb6+ Kb8 1/2-1/2